Powiaty Woj. Pomorskiego według map - Statystyki

Ogólne statystyki
  • Ten quiz został rozwiązany 25 razy
  • Średni wynik to 15 z 20
Statystyki odpowiedzi
Obrazkowy Odpowiedź % Poprawnych
Gdańsk
90%
Gdynia
90%
Nowodworski
90%
Pucki
90%
Sopot
90%
Wejherowski
90%
Słupski
86%
Kwidzyński
81%
Kartuski
76%
Gdański
71%
Lęborski
71%
Tczewski
71%
Chojnicki
67%
Człuchowski
67%
Słupsk
67%
Starogardzki
67%
Sztumski
67%
Kościerski
62%
Bytowski
52%
Malborski
52%
Nie znaleziono quizów pasujących do podanych kryteriów
Rozkład punktacji
Procent ludzi z każdym wynikiem
Percentyl według liczby udzielonych odpowiedzi
Twoja historia wyników
Nie rozwiązałeś tego quizu